000 00907nam a2200229Ii 4500
003 JO-AjNU
008 230605s9999||||xx |||||||||||||| ||und||
017 _a2021/8/4410
020 _a978-9923-43-021-7
040 _aJO-AjNU
_bara
_erda
_cJO-AjNU
041 _aara
050 1 4 _aHF5679.2022
100 3 _aمحمد، جمال هداش، م مشارك ليلى عبد الكريم محمد,
_eauthor
_964207
245 0 0 _aنظم المعلومات المالية والمصرفية
250 _aط1
264 3 1 _aعمان: دار اليازوري العلمية للنشر والتوزيع، 2022
300 _a94ص
_bيحتوي على اشكال توضيحية
336 _atext
_btxt
_2rdacontent
337 _aunmediated
_bn
_2rdamedia
338 _avolume
_bnc
_2rdacarrier
650 4 _aنظم المعلومات المالية-العلوم المصرفية-اقتصاديات المال
_964208
999 _aA29167
_c32735
_d32735